Három Észak-magyarországi kastélyszálló összehasonlító elemzése rendezvényturisztikai szempontból

Bibliographic Details
Main Author: Pintér Alexandra
Other Authors: Nagy Dr. Adrienne
Format: Thesis
Kulcsszavak:Kastélyszálló
Szirák
Parádsasvár
Online Access:http://dolgozattar.uni-bge.hu/12998

MARC

LEADER 00000nta a2200000 i 4500
001 dolg12998
005 20180724134522.0
008 171127suuuu hu om 000 hun d
040 |a BGE Dolgozattár Repozitórium  |b hun 
041 |a hu 
100 1 |a Pintér Alexandra 
245 1 0 |a Három Észak-magyarországi kastélyszálló összehasonlító elemzése rendezvényturisztikai szempontból  |c Pintér Alexandra  |h [elektronikus dokumentum] 
695 |a Kastélyszálló 
695 |a Szirák 
695 |a Parádsasvár 
700 1 |a Nagy Dr. Adrienne  |e ths 
856 4 0 |u http://dolgozattar.uni-bge.hu/12998/1/SZAKDOLGOZAT%20PINT%C3%89R%20ALEXANDRA.pdf  |z Dokumentum-elérés